| 000 | 01026nam a2200277 a 4500 | ||
|---|---|---|---|
| 001 | 000029508 | ||
| 003 | OSt | ||
| 005 | 20230718101838.0 | ||
| 008 | 110418s2002 dr a 000 0 spa d | ||
| 040 |
_aDO-SdBNP _bspa _cBPMSU |
||
| 082 | 4 |
_aRD864 _bH519p 2002 _222 |
|
| 100 | 1 |
_aHenríquez Gratereaux, Federico, _d 1937- |
|
| 245 | 1 | 0 |
_aPeriodismo y literatura / _cFederico Henríquez Gratereaux, Andrés L. Mateo, José Mármol |
| 260 |
_aSanto Domingo : _bBiblioteca Nacional Pedro Henríquez Ureña. _c2002 |
||
| 300 |
_a52 p. ; _c21 cm. _b |
||
| 490 | 0 |
_aBiblioteca Nacional Pedro Henríquez Ureña ; _aMonográfica Para la Libertad, _v3 |
|
| 590 | _6Inventariado, 2023/VM | ||
| 650 | 4 | _aEnsayos dominicanos | |
| 650 | 4 |
_aPeriodismo _xCrítica e interpretación |
|
| 650 | 4 |
_aLiteratura dominicana _xCrítica e interpretación _x |
|
| 650 | 4 |
_aPeriodismo y Literatura _xEstudios comparados |
|
| 700 | 1 | _aMateo, Andrés L | |
| 700 | 1 | _aMármol, José | |
| 910 | _aVMateo V. Control de calidad. BPMSU | ||
| 942 |
_2ddc _cBK |
||
| 999 |
_c14428 _d14428 |
||